Návrh reaktora na hydrochlorináciu acetylénu
Enregistré dans:
| Auteur principal: | |
|---|---|
| Autres auteurs: | |
| Format: | Manuscrit Livre |
| Langue: | slovaque |
| Publié: |
2024
|
| Sujets: | |
| Accès en ligne: | http://is.stuba.sk/zp/portal_zp.pl?podrobnosti=168777 |
| Tags: |
Pas de tags, Soyez le premier à ajouter un tag!
|
MARC
| LEADER | 00000ntm a22000003a 4500 | ||
|---|---|---|---|
| 001 | stuzp99382 | ||
| 003 | SK-STU | ||
| 005 | 20240622210919.6 | ||
| 007 | ta | ||
| 008 | 150427s2015----xo-----f-mn---000-0-slo-d | ||
| 040 | |a STU |b slo | ||
| 041 | 0 | |a slo | |
| 100 | 1 | |a Stoláriková, Zuzana |u 046230 |4 aut |U FCHPT Ústav chemického a environmentálneho inžinierstva |T FCHPT Oddelenie chemického a biochemického inžinierstva |X 116037 |U C6230 |Y 119 |7 116037 | |
| 242 | 0 | 1 | |a Design of a reactor for hydrochlorination of acetylene |y eng |
| 245 | 1 | 0 | |a Návrh reaktora na hydrochlorináciu acetylénu |
| 260 | |c 2024 | ||
| 650 | 4 | |a hydrochlorinácia acetylénu |2 slo | |
| 650 | 4 | |a prietokový rúrový reaktor |2 slo | |
| 650 | 4 | |a rektifikačná kolóna |2 slo | |
| 650 | 4 | |a acetylene hydrochlorination |2 eng | |
| 650 | 4 | |a tubular flow reactor |2 eng | |
| 650 | 4 | |a rectification column |2 eng | |
| 700 | 1 | |a Labovský, Juraj |u 046230 |k Z1 |4 ths |U FCHPT Ústav chemického a environmentálneho inžinierstva |T FCHPT Oddelenie chemického a biochemického inžinierstva |X 10292 |U C6230 |Y 119 |7 A000010292 | |
| 856 | 4 | |u http://is.stuba.sk/zp/portal_zp.pl?podrobnosti=168777 | |